Take five : (Record no. 340381)
[ view plain ]
| 000 -LEADER | |
|---|---|
| fixed length control field | 00762nam a2200277Ia 4500 |
| 008 - FIXED-LENGTH DATA ELEMENTS--GENERAL INFORMATION | |
| fixed length control field | 170712s9999 xx 000 0 und d |
| 020 ## - INTERNATIONAL STANDARD BOOK NUMBER | |
| International Standard Book Number | 9789715906036 |
| 050 ## - LIBRARY OF CONGRESS CALL NUMBER | |
| Classification number | 242.4 |
| 050 ## - LIBRARY OF CONGRESS CALL NUMBER | |
| Item number | C453 2008 |
| 100 ## - MAIN ENTRY--PERSONAL NAME | |
| Personal name | Champlin, Joseph M. |
| 245 ## - TITLE STATEMENT | |
| Title | Take five : |
| 245 ## - TITLE STATEMENT | |
| Remainder of title | one hundred meditations to de-stress your days / |
| 245 ## - TITLE STATEMENT | |
| Statement of responsibility, etc | by Joseph M. Champlin. |
| 260 ## - PUBLICATION, DISTRIBUTION, ETC. (IMPRINT) | |
| Place of publication, distribution, etc | Philippines : |
| 260 ## - PUBLICATION, DISTRIBUTION, ETC. (IMPRINT) | |
| Name of publisher, distributor, etc | Paulines, |
| 260 ## - PUBLICATION, DISTRIBUTION, ETC. (IMPRINT) | |
| Date of publication, distribution, etc | 2008 |
| 300 ## - PHYSICAL DESCRIPTION | |
| Extent | 125 pages : |
| 300 ## - PHYSICAL DESCRIPTION | |
| Other physical details | illustrations ; |
| 300 ## - PHYSICAL DESCRIPTION | |
| Dimensions | 17cm. |
| 500 ## - GENERAL NOTE | |
| General note | Includes index. |
| 650 ## - SUBJECT ADDED ENTRY--TOPICAL TERM | |
| Topical term or geographic name as entry element | Stress (Psychology) -- |
| 650 ## - SUBJECT ADDED ENTRY--TOPICAL TERM | |
| Topical term or geographic name as entry element | Stress management -- |
| 650 ## - SUBJECT ADDED ENTRY--TOPICAL TERM | |
| Topical term or geographic name as entry element | Title. |
| 650 ## - SUBJECT ADDED ENTRY--TOPICAL TERM | |
| General subdivision | Religious aspects -- Christianity -- Meditation. |
| 650 ## - SUBJECT ADDED ENTRY--TOPICAL TERM | |
| General subdivision | Religious aspects -- Christianity. |
No items available.